Memoria

Na minha lista:
Detalhes bibliográficos
Formato: Texto
Publicado em: Managua: ARCN
Tags: Adicionar Tag
Sem tags, seja o primeiro a adicionar uma tag!

MARC

LEADER 00000 a a2200000 04500
001 24428
003
040
090 |a 175200  
245 |a Memoria  
260 |a Managua:   |b ARCN  
300 |a 54 p.  
999 |c 16870  |d 16870